000 01910cam a22004574i 4500
003 PE-LiUPU
005 20250731173136.0
008 150623s r 000 0 d
020 _a0807031550
035 _a(Sirsi) i9780807031551
040 _aPE-LiUPU
_bspa
_cPE-LiUPU
_erda
049 _aPRUA
082 0 4 _a231.765
_bN38
_221
100 1 _aNelkin, Dorothy,
_eautor.
245 1 4 _aThe creation controversy :
_bscience or scripture in the schools /
_cDorothy Nelkin.
264 1 _a25 Beacon Street, Boston, Massachusetts :
_bBeacon Press,
_c1984.
300 _a242 páginas ;
_c21 centímetros
336 _atext
_2rdacontent
337 _aunmediated
_2rdamedia
338 _avolume
_2rdacarrier
505 0 _aIntroduction. A science or a world view? Historical notes on the teaching of evolution. Science after sputnik. Textbook watchers and space-age fundamentalism. The scientific creationists. Political tactics. Creation versus evolution: the California controversy. The proper study of mankind.. : evolution and the MACOS dispute. Legislating science in Arkansas. Censorship by surrender. Social sources of textbook disputes. Science and personal beliefs.
526 _aSEG42
526 _aSEG41
526 _aSEG40
526 _aSEG39
526 _aP94
526 _aP87
526 _aP86
526 _aP85
526 _aP77
526 _aP76
526 _aP35
650 0 4 _aCreacionismo.
650 0 4 _aEvolución.
_9946
942 _2ddc
_cBOOK
949 _a231.765 N38
_wDEWEY
_c1
_i52307
_lCCODEBUL1
_mBUL
_p5.00
_r0
_sY
_tBOOK
_u2015-6-24
_xTEOLOGIA
_PP35
_0COMPRA
_o.STAFF. Colección General
994 _aC0
_bPEPRU
596 _a1
999 _a231.765 N38
_wDEWEY
_c34127
_i52307
_d34127
_f2021-11-9
_g5
_lCCODEBUL1
_mBUL
_p5.00
_q1
_r0
_sY
_tBOOK
_u2015-6-24
_xTEOLOGIA
_PP35
_0COMPRA
_o.STAFF. Colección General
980 _81
_gALBERTO SANCHEZ Responsable de Automatización